Statistics for Biggest Cities in The Netherlands

Click here to take the quiz!

General Stats

  • This quiz has been taken 16,637 times
    (13,764 since last reset)
  • The average score is 7 of 15

Answer Stats

Population Province Municipality % Correct
810,909North HollandAmsterdam
100%
618,467South HollandRotterdam
95%
508,592South HollandThe Hague
88%
328,577UtrechtUtrecht
64%
220,782North BrabantEindhoven
59%
198,108GroningenGroningen
49%
179,999North BrabantBreda
36%
155,205North HollandHaarlem
36%
168,499GelderlandNijmegen
34%
210,382North BrabantTilburg
31%
196,156FlevolandAlmere
27%
158,542OverijsselEnschede
27%
157,535GelderlandApeldoorn
23%
150,943UtrechtAmersfoort
20%
150,911North HollandZaanstad
13%

Score Distribution

Percentile by Number Answered

Percent of People with Each Score

Your Score History

You have not taken this quiz since the last reset